| 000 | 00700nam a2200193 a 4500 | ||
|---|---|---|---|
| 001 | 000040534 | ||
| 005 | 20201002034209.0 | ||
| 008 | 130830s2006 sp r 000 0 spa d | ||
| 020 | _a9788498440355 | ||
| 040 |
_aDO-SdBNP _bspa |
||
| 082 |
_axxxx _bxxxx |
||
| 100 | 1 |
_aGutiérrez, Ramón _919118 |
|
| 245 | 1 | 0 |
_aAmérica y España, imágenes para una historia : _bindependencias e identidad 1805-1925 / _cRamón Gutiérrez, Rodrigo Gutiérrez Viñueles. |
| 260 |
_aMadrid : _bFundación MAFRE : _bInstituto de Cultura, _c2006. |
||
| 300 |
_a299 p. : _bil., retrs. ; _c26 cm. |
||
| 590 | _aInventariado, 2019/BT | ||
| 700 |
_aGutiérrez, Ramón _919118 |
||
| 700 | 1 |
_aGutiérrez Viñuales, Rodrigo _966838 |
|
| 999 |
_c40024 _d40024 |
||